Dôchodcovia a výkon práce na dohodu v roku 2018
Novela zákona č. 461/2003 Z. z. o sociálnom poistení v znení neskorších predpisov, ktorej časť ustanovení nadobúda účinnosť dňa 1.1.2018 a časť dňa 1.7.2018. Legislatívne zmeny, ktoré priniesla novela. Dopady novely na výkon zárobkovej činnosti dôchodcov a na rozsah platenia poistného na sociálne po...
Salvato in:
| Autore principale: | |
|---|---|
| Natura: | Capitolo di libro |
| Lingua: | slovacco |
| Soggetti: | |
| Tags: |
Nessun Tag, puoi essere il primo ad aggiungerne!!
|
MARC
| LEADER | 00000naa a2200000 4500 | ||
|---|---|---|---|
| 001 | 0238598 | ||
| 005 | 20221104112145.4 | ||
| 041 | 0 | |a slo | |
| 044 | |a SK | ||
| 245 | 1 | 0 | |a Dôchodcovia a výkon práce na dohodu v roku 2018 |c Iveta Matlovičová |
| 520 | |a Novela zákona č. 461/2003 Z. z. o sociálnom poistení v znení neskorších predpisov, ktorej časť ustanovení nadobúda účinnosť dňa 1.1.2018 a časť dňa 1.7.2018. Legislatívne zmeny, ktoré priniesla novela. Dopady novely na výkon zárobkovej činnosti dôchodcov a na rozsah platenia poistného na sociálne poistenie. Praktické príklady. | ||
| 610 | 2 | 0 | |a poistenie sociálne |
| 610 | 2 | 0 | |a legislatíva |
| 610 | 2 | 0 | |a novelizácia |
| 610 | 2 | 0 | |a dôchodcovia |
| 610 | 2 | 0 | |a dohody pracovné |
| 100 | 1 | |a Matlovičová, Iveta | |